[Event "Olympiad-44"]
[Site "Chennai"]
[Date "2022.08.09"]
[Round "11.4"]
[White "Temesgen, Addisalem Tsige"]
[Black "Lima, Osvaldo Dos Santos"]
[Result "1-0"]
[WhiteElo "2072"]
[BlackElo "1863"]
[PlyCount "69"]
[EventDate "2022.07.29"]
[EventType "team-swiss"]
[EventRounds "11"]
[EventCountry "IND"]
[SourceTitle "CBM 210"]
[Source "ChessBase"]
[SourceDate "2022.10.31"]
[SourceVersion "1"]
[SourceVersionDate "2022.10.31"]
[SourceQuality "1"]
[WhiteTeam "Ethiopia"]
[BlackTeam "Sao Tome and Principe"]
[WhiteTeamCountry "ETH"]
[BlackTeamCountry "SAO"]

1. d4 Nf6 2. Bf4 g6 3. Nc3 Bg7 4. e4 d6 5. Qd2 h6 6. f3 g5 7. Be3 Nbd7 8. 0-0-0 e5 9. Nge2 a6 10. h4 g4 11. f4 exf4 12. Bxf4 Nh5 13. Be3 b5 14. Kb1 Nb6 15. Nf4 Ng3 16. Rg1 Nxf1 17. Rgxf1 Nc4 18. Qf2 Nxe3 19. Qxe3 Qxh4 20. Nfd5 Qd8 21. e5 Be6 22. Nxc7+ Qxc7 23. exd6 Qxd6 24. d5 b4 25. dxe6 Qxe6 26. Qc5 Bf8 27. Qd4 Rg8 28. Rfe1 Be7 29. Rxe6 fxe6 30. Qd7+ Kf7 31. Rf1+ Kg6 32. Qxe6+ Kh7 33. Qxe7+ Rg7 34. Qe4+ Kh8 35. Qxa8+ 1-0

[Event "Olympiad-44"]
[Site "Chennai"]
[Date "2022.08.03"]
[Round "6.4"]
[White "Lima, Osvaldo Dos Santos"]
[Black "Madol, Garang Panthoum"]
[Result "0-1"]
[WhiteElo "1863"]
[BlackElo "1985"]
[PlyCount "64"]
[EventDate "2022.07.29"]
[EventType "team-swiss"]
[EventRounds "11"]
[EventCountry "IND"]
[SourceTitle "CBM 210"]
[Source "ChessBase"]
[SourceDate "2022.10.31"]
[SourceVersion "1"]
[SourceVersionDate "2022.10.31"]
[SourceQuality "1"]
[WhiteTeam "Sao Tome and Principe"]
[BlackTeam "South Sudan"]
[WhiteTeamCountry "SAO"]
[BlackTeamCountry "SUD"]

1. c4 e5 2. Nc3 Nc6 3. g3 f5 4. Bg2 Nf6 5. e3 Bb4 6. Nge2 0-0 7. a3 Bxc3 8. Nxc3 e4 9. 0-0 Ne5 10. b3 c6 11. f3 d5 12. d4 Nd3 13. fxe4 fxe4 14. Ne2 g5 15. Bd2 Ng4 16. Rxf8+ Qxf8 17. Qf1 Qh6 18. h3 Ngf2 19. g4 Bxg4 20. hxg4 Rf8 21. Nf4 gxf4 22. exf4 Nxg4 23. Bh3 Kh8 24. Bxg4 Rg8 25. Qg2 Qh4 26. Rf1 Rxg4 27. f5 Rxg2+ 28. Kxg2 Qg4+ 29. Kh1 Qe2 30. Kg1 Qxd2 31. f6 Qg5+ 32. Kh2 Nf4 0-1

[Event "Olympiad-44"]
[Site "Chennai"]
[Date "2022.08.02"]
[Round "5.4"]
[White "Prakash, Prashil"]
[Black "Lima, Osvaldo Dos Santos"]
[Result "0-1"]
[WhiteElo "1514"]
[BlackElo "1863"]
[PlyCount "74"]
[EventDate "2022.07.29"]
[EventType "team-swiss"]
[EventRounds "11"]
[EventCountry "IND"]
[SourceTitle "CBM 210"]
[Source "ChessBase"]
[SourceDate "2022.10.31"]
[SourceVersion "1"]
[SourceVersionDate "2022.10.31"]
[SourceQuality "1"]
[WhiteTeam "Fiji"]
[BlackTeam "Sao Tome and Principe"]
[WhiteTeamCountry "FIJ"]
[BlackTeamCountry "SAO"]

1. d4 Nf6 2. c4 g6 3. Nf3 Bg7 4. g3 d6 5. Bg2 0-0 6. 0-0 Nbd7 7. Nc3 h6 8. Bf4 Re8 9. Qd2 Kh7 10. e4 Nh5 11. Be3 e5 12. d5 Nb6 13. b3 Nf6 14. Qc2 Nbd7 15. Rad1 Nf8 16. Rfe1 g5 17. c5 a6 18. cxd6 cxd6 19. Na4 b5 20. Nb6 Rb8 21. Nxc8 Rxc8 22. Qb2 Nxe4 23. Bh3 Nf6 24. Bxc8 Qxc8 25. Kg2 Ng6 26. Rc1 Qg4 27. h3 Qf5 28. g4 Nxg4 29. Nxg5+ hxg5 30. hxg4 Qxg4+ 31. Kf1 Qf3 32. Red1 f5 33. Qc2 f4 34. Bb6 e4 35. Ke1 e3 36. Rd3 Qh1+ 37. Ke2 f3# 0-1

[Event "Olympiad-43"]
[Site "Batumi"]
[Date "2018.09.27"]
[Round "4.70"]
[White "Nezad, Husein Aziz"]
[Black "Lima, Osvaldo Dos Santos"]
[Result "1-0"]
[WhiteElo "2412"]
[BlackElo "1803"]
[PlyCount "61"]
[EventDate "2018.09.24"]
[EventType "team-swiss"]
[EventRounds "11"]
[EventCountry "GEO"]
[SourceTitle "CBM 187"]
[Source "ChessBase"]
[SourceDate "2018.12.11"]
[SourceVersion "1"]
[SourceVersionDate "2018.12.11"]
[SourceQuality "1"]
[WhiteTeam "Qatar"]
[BlackTeam "Sao Tome and Principe"]
[WhiteTeamCountry "QAT"]
[BlackTeamCountry "SAO"]

1. d4 Nf6 2. c4 g6 3. Nc3 Bg7 4. e4 d6 5. Be2 Nbd7 6. Nf3 0-0 7. 0-0 c5 8. d5 Ne8 9. Bf4 f6 10. Bg3 Nb6 11. Qd2 Bg4 12. b3 Nc7 13. Rae1 a5 14. a4 Nd7 15. Nh4 Bxe2 16. Rxe2 Rf7 17. f4 Qf8 18. Nf3 Bh6 19. Qe1 e5 20. dxe6 Nxe6 21. Nd5 Nd4 22. Nxd4 cxd4 23. Qd1 Nc5 24. Bf2 Re8 25. Bxd4 Nxe4 26. f5 Nc5 27. fxg6 hxg6 28. Nxf6+ Rxf6 29. Rxf6 Be3+ 30. Rxe3 Qxf6 31. Rxe8+ 1-0

[Event "Olympiad-42"]
[Site "Baku"]
[Date "2016.09.13"]
[Round "11.3"]
[White "Lima, Osvaldo Dos Santos"]
[Black "Maccapani, Massimiliano"]
[Result "1-0"]
[WhiteElo "1782"]
[BlackElo "1971"]
[PlyCount "47"]
[EventDate "2016.09.02"]
[EventType "team-swiss"]
[EventRounds "11"]
[EventCountry "AZE"]
[SourceTitle "CBM 175"]
[Source "ChessBase"]
[SourceDate "2016.11.10"]
[SourceVersion "1"]
[SourceVersionDate "2016.11.10"]
[SourceQuality "1"]
[WhiteTeam "Sao Tome and Principe"]
[BlackTeam "San Marino"]
[WhiteTeamCountry "SAO"]
[BlackTeamCountry "SMR"]

1. c4 c5 2. Nc3 Nc6 3. g3 g6 4. Bg2 Bg7 5. e3 Bxc3 6. bxc3 f5 7. h4 Nf6 8. Nf3 e6 9. Qc2 d6 10. d3 Qc7 11. 0-0 0-0 12. Ng5 Bd7 13. e4 fxe4 14. Nxe4 Nxe4 15. Bxe4 Ne7 16. Qe2 Rf7 17. Rb1 Rb8 18. h5 e5 19. hxg6 hxg6 20. Bg5 Bf5 21. Bg2 b6 22. f4 Re8 23. g4 Bd7 24. fxe5 1-0

[Event "Olympiad-41"]
[Site "Tromsoe"]
[Date "2014.08.12"]
[Round "10.3"]
[White "Lima, Osvaldo Dos Santos"]
[Black "Kim, Saebyeok"]
[Result "0-1"]
[WhiteElo "1751"]
[BlackElo "1873"]
[PlyCount "96"]
[EventDate "2014.08.02"]
[EventType "team-swiss"]
[EventRounds "11"]
[EventCountry "NOR"]
[SourceTitle "CBM 162"]
[Source "ChessBase"]
[SourceDate "2014.09.17"]
[SourceVersion "1"]
[SourceVersionDate "2014.09.17"]
[SourceQuality "1"]
[WhiteTeam "Sao Tome and Principe"]
[BlackTeam "South Korea"]
[WhiteTeamCountry "SAO"]
[BlackTeamCountry "KOR"]

1. c4 c5 2. Nc3 g6 3. g3 Nc6 4. Bg2 Bg7 5. d3 e5 6. Nf3 Nge7 7. a3 a5 8. e4 d6 9. 0-0 0-0 10. Nb5 h6 11. Be3 f5 12. Qc1 Kh7 13. Nh4 f4 14. Bd2 g5 15. Nf3 Ng6 16. h3 g4 17. hxg4 Bxg4 18. Nh2 Be6 19. Qd1 Qd7 20. Qh5 Nce7 21. g4 Bf6 22. Qh3 Rg8 23. f3 Kg7 24. Bh1 h5 25. Qg2 Nh4 26. Qe2 Kf7 27. Rf2 hxg4 28. fxg4 Bxg4 29. Nxg4 Rxg4+ 30. Kf1 Rag8 31. Ke1 Rg1+ 32. Rf1 Qh3 33. Nxd6+ Ke6 34. Nxb7 f3 35. Nxc5+ Kf7 36. Qf2 Qxh1 37. Be3 Rxf1+ 38. Qxf1 Qh2 39. Bf2 Rg2 40. b3 Nhg6 41. Ra2 Nf4 42. b4 Bh4 43. d4 Rg1 44. dxe5 Rxf1+ 45. Kxf1 Qg2+ 46. Ke1 Qg1+ 47. Kd2 Qxf2+ 48. Kc3 Qxa2 0-1

[Event "Olympiad-41"]
[Site "Tromsoe"]
[Date "2014.08.04"]
[Round "3.3"]
[White "Maccapani, Massimiliano"]
[Black "Lima, Osvaldo Dos Santos"]
[Result "1-0"]
[WhiteElo "2032"]
[BlackElo "1751"]
[PlyCount "145"]
[EventDate "2014.08.02"]
[EventType "team-swiss"]
[EventRounds "11"]
[EventCountry "NOR"]
[SourceTitle "CBM 162"]
[Source "ChessBase"]
[SourceDate "2014.09.17"]
[SourceVersion "1"]
[SourceVersionDate "2014.09.17"]
[SourceQuality "1"]
[WhiteTeam "San Marino"]
[BlackTeam "Sao Tome and Principe"]
[WhiteTeamCountry "SMR"]
[BlackTeamCountry "SAO"]

1. d4 d5 2. Nf3 Nf6 3. c4 e6 4. e3 c6 5. Nc3 Be7 6. Bd3 dxc4 7. Bxc4 b5 8. Bd3 a6 9. 0-0 Bb7 10. Qe2 Nbd7 11. Rd1 Qc7 12. e4 e5 13. h3 0-0 14. Bg5 h6 15. Bh4 exd4 16. Nxd4 Ne5 17. Bg3 Nh7 18. Rac1 Bf6 19. Nd5 Qd6 20. Nf5 Qd8 21. Nde7+ Bxe7 22. Bxe5 Bf6 23. Bxf6 Qxf6 24. e5 Qg5 25. h4 Qf4 26. g3 Qb4 27. a3 Qb3 28. Qg4 g6 29. Nxh6+ Kg7 30. Nf5+ Kh8 31. Nd6 Bc8 32. Qe2 Qe6 33. Rxc6 Qh3 34. Nxc8 Rfxc8 35. Rxc8+ Rxc8 36. Be4 Re8 37. Bc6 Re7 38. Re1 Kg7 39. Bg2 Qe6 40. f4 Qb6+ 41. Qf2 Qxf2+ 42. Kxf2 Rc7 43. Bh3 Nf8 44. Ke3 Rc2 45. Re2 Rc1 46. Kf3 a5 47. e6 fxe6 48. Bxe6 Rc7 49. Bg4 b4 50. axb4 axb4 51. Re4 Rb7 52. Rc4 Kf6 53. Rc6+ Kg7 54. Bc8 Rb8 55. g4 Nh7 56. g5 Nf8 57. f5 b3 58. Be6 Nxe6 59. fxe6 Rb4 60. Kg3 Re4 61. Rc3 Rxe6 62. Rxb3 Re1 63. Rb7+ Kg8 64. b4 Rg1+ 65. Kf4 Rh1 66. Ke5 Rf1 67. b5 Kf8 68. Ke6 Rf4 69. b6 Kg8 70. Rc7 Re4+ 71. Kf6 Rd4 72. b7 Rd6+ 73. Ke7 1-0

[Event "Olympiad-40"]
[Site "Istanbul"]
[Date "2012.09.05"]
[Round "8.3"]
[White "Lima, Osvaldo Dos Santos"]
[Black "Bobadilla, Yelso"]
[Result "0-1"]
[WhiteElo "1719"]
[BlackElo "1874"]
[PlyCount "114"]
[EventDate "2012.08.28"]
[EventType "team-swiss"]
[EventRounds "11"]
[EventCountry "TUR"]
[SourceTitle "CBM 151"]
[Source "ChessBase"]
[SourceDate "2012.11.13"]
[SourceVersion "1"]
[SourceVersionDate "2012.11.13"]
[SourceQuality "1"]
[WhiteTeam "Sao Tome and Principe"]
[BlackTeam "Honduras"]
[WhiteTeamCountry "SAO"]
[BlackTeamCountry "HON"]

1. c4 e5 2. Nc3 Nf6 3. g3 c6 4. d4 exd4 5. Qxd4 Be7 6. e4 d6 7. Bg5 Qa5 8. Bd2 Qc7 9. 0-0-0 Nbd7 10. f4 0-0 11. h3 a6 12. Kb1 b5 13. Nf3 b4 14. Na4 c5 15. Qe3 Bb7 16. Bd3 Qc6 17. b3 Nxe4 18. Rhf1 Rae8 19. Qg1 Bf6 20. g4 Nxd2+ 21. Rxd2 g6 22. g5 Bh8 23. h4 f5 24. gxf6 Rxf6 25. h5 Nf8 26. f5 Qc7 27. hxg6 hxg6 28. Rg2 Qg7 29. Nb2 Rf7 30. Rh2 Qc3 31. Rc2 Qg7 32. Rh2 Bxf3 33. Rxf3 Qc3 34. Rf1 Rfe7 35. Rxh8+ Kxh8 36. Qh1+ Kg7 37. f6+ Qxf6 38. Rxf6 Re1+ 39. Kc2 Rxh1 40. Rxd6 Re6 41. Rd5 Ree1 42. Kd2 Ra1 43. Na4 Rxa2+ 44. Ke3 Rh3+ 45. Ke4 Kf6 46. Rd6+ Kg5 47. Nxc5 a5 48. Kd5 a4 49. Ne4+ Kh4 50. Kc5 axb3 51. Kxb4 b2 52. Nc3 Ra1 53. c5 Rxd3 54. Rxd3 b1Q+ 55. Nxb1 Rxb1+ 56. Kc4 Ne6 57. Kd5 Nf4+ 0-1